Hodnotenie prínosov investícií do IT a ich vnímanie manažérmi priemyselných podnikov

Analýza výskumu uskutočneného v roku 2004 z pohľadu prínosov investícií do IT a ich vnímanie manažérmi priemyselných podnikov. Prístup priemyselných podnikov k investovaniu do IT. Vnímanie primeranosti výnosov IT.

Gespeichert in:
Bibliographische Detailangaben
1. Verfasser: Sudzina, František
Weitere Verfasser: Karas, Ľubomír, Makšin, Maroš
Format: Buchkapitel
Sprache:Slowakisch
Schlagworte:
Tags: Tag hinzufügen
Keine Tags, Fügen Sie das erste Tag hinzu!

MARC

LEADER 00000naa$a2200000$$$4500
001 0050886
005 20240502071604.2
041 0 |a slo 
044 |a SK 
245 1 0 |a Hodnotenie prínosov investícií do IT a ich vnímanie manažérmi priemyselných podnikov  |c František Sudzina, Ľubomír Karas, Maroš Makšin 
520 |a Analýza výskumu uskutočneného v roku 2004 z pohľadu prínosov investícií do IT a ich vnímanie manažérmi priemyselných podnikov. Prístup priemyselných podnikov k investovaniu do IT. Vnímanie primeranosti výnosov IT. 
610 2 0 |a investície 
610 2 0 |a technológie informačné 
610 2 0 |a manažéri 
610 2 0 |a prieskum informačný 
610 2 0 |a dotazníky 
100 1 |a Sudzina, František 
700 1 |a Karas, Ľubomír 
700 1 |a Makšin, Maroš